000 00602nam a2200217Ia 4500
003 OSt
005 20221006152028.0
006 a|||||r|||| 00| 0
007 ta
008 221006b |||||||| |||| 00| 0 chi d
024 _a24,257
037 _bGift,
_cTextual
040 _aEASL
_cEASL
_bchi
041 _2chi
_achi
100 _aBIEJING GRI BEN XUE YAN CHONG XIN
_9660598
245 0 _aRi Ben Xue Luan Chong VIII
260 _aBeijing
_bJing Ji Ke Xue Chu Ban She
_c1996
300 _a293p.
_ccm.
942 _cTEXL
_2CC
999 _c1092343
_d1092343